02119nam a22002417a 450000500170000000800410001702000180005804000070007604100080008308200170009110000260010824500280013426000570016230000250021936500500024452012520029465000350154665000260158165000640160794200120167199900190168395201750170220251104091756.0251104b |||||||| |||| 00| 0 eng d a9789390441167 cAL aeng a820.33bPANY aAjay K Pandey9243655 aYou are the best friend aNew DelhibSrishti Publishers and Distributorsc2023 ax,221p.bPBc20x13cm 2Englisha4241b₹200.00c₹d₹250.00e20% aYou might come across love many times in life; but the one that you experience with your best friend is etched for eternity. Ajay is fighting demons in his mind after losing his wife Bhavna. Ten years of togetherness, and a harsh twist of fate have thrown him into the pit of depression. With medication and therapy helping him fight his immense grief, there is only one ray of hope for him – he wants to immortalize his wife. Anisha lives life queen size. Making the most of each moment, she loves everything that she is blessed with. She is shocked when she meets Ajay. How can someone hate God so much? More than anything, what will that hatred do to him? Even as her mind makes a harsh judgment about Ajay, her heart notices his simple and caring gesture that changes her perception completely. So begins the journey of two people who are poles apart. A journey which will change their outlook towards life. Ever felt the need to have a friend who could just sit with you and talk for hours? Do you think friendship can bring you out of emotional pain and depression? Read this emotional rollercoaster from the pen of bestselling author Ajay K Pandey, which explores friendship like never before, and is sure to re-affirm your faith in life. aIndian English Fiction9243656 aIndian Novel 9243657 aTrue story of mental health and finding inner peace9243658 2ddccBK c240646d240646 00102ddc40708ENGaALbALcSKd2025-10-30eBiblios Book Point, Surathkal, Mangalore-575014g200.00l0o820.33 PANYp077983r2025-11-04 09:20:35v250.00w2025-10-25yBK